SPSS/PC + Base System User's Guide version 5.0

Bibliographic Details
Main Author: Norusis, Marija J
Format: Book
Published: Illinois : SPSS Inc. , 1992
Subjects:

MARC

LEADER 00000cam a2200000 7i4500
001 0000006410
005 20040513.0
020 |a 0923967664 
040 |a INS 
090 0 0 |a HA32   |b N822 1992 
100 1 |a Norusis, Marija J 
245 1 0 |a SPSS/PC + Base System User's Guide version 5.0   |c Marija J. Norusis 
260 |a Illinois :   |b SPSS Inc. ,   |c 1992 
300 |a 910p. ;   |c 23 cm. 
650 0 0 |a Computers 
650 0 0 |a Computers Program 
650 0 0 |a SPSS (Computer Programs) 
999 |a 0000005383   |b BOOK   |c Open Shelf   |e Default branch